[Event "Romanian Open 2021"]
[Site "Alba Iulia"]
[Date "2021.11.23"]
[Round "4.1"]
[White "Pasti, Aron"]
[Black "Manea, Alexandru"]
[Result "1/2-1/2"]
[WhiteElo "2335"]
[BlackElo "2342"]
[Annotator "TA"]
[PlyCount "77"]
[EventDate "2021.11.21"]
[EventType "swiss"]
[EventCountry "ROU"]
[SourceTitle "playchess.com"]
[Source "ChessBase"]
[SourceQuality "1"]

{[%evp 11,77,32,41,26,27,19,46,45,72,25,41,59,40,21,168,159,170,139,159,89,114,118,112,71,74,79,59,11,47,-66,-67,-66,-53,-58,-65,-412,-180,-221,0,0,75,-336,0,0,0,0,235,-235,-124,-87,-41,-41,-49,-33,-30,-30,-31,-40,-33,-31,-3,-100,2,0,0,0,0,0]} 1. e4 c5 2. Nf3 e6 3. d4 cxd4 4. Nxd4 Nc6 5. Nc3 Qc7 6. Be3 a6 7. Qf3 {seems to push 7.Qd2 aside. B48: Sicilian: Taimanov: 5 Nc3 Qc7 6 Be3 a6 without Be2.} Nf6 8. O-O-O Ne5 9. Qg3 {White is slightly better.} h5 10. Bf4 (10. f4 $5 {[%cal Rf4e5]} Neg4 11. Bg1 $14) 10... d6 11. Bg5 b5 12. f4 {[#]} Neg4 $146 (12... Ned7 $11 {and Black stays safe.}) ({Predecessor:} 12... Nc6 13. Nxc6 Qxc6 14. a3 Bb7 15. Bd3 Rc8 16. e5 Nd5 17. Nxd5 Qxd5 18. f5 dxe5 {1-0 (27) Henderson de la Fuente,L (2408)-Makarian,R (2146) Mamaia 2017}) 13. a3 $1 $18 Bb7 14. h3 Nh6 15. Bxf6 (15. Ncxb5 $142 axb5 16. Bxb5+ Nd7 17. Qb3) 15... gxf6 $16 16. f5 e5 17. Ndxb5 axb5 18. Bxb5+ Kd8 19. Nd5 {[%mdl 1024] White has compensation.} Qc5 20. c4 ({White must play} 20. Qb3 $1 $14) 20... Rg8 $15 21. Qf3 h4 $1 22. Qe2 ({Don't go for} 22. Nxf6 $2 Rg3 $19) 22... Rg3 $1 {And now ...Raxa3! would win.} 23. Qc2 $2 {[%mdl 8192] [#]} (23. a4 $15) 23... Ng8 (23... Nxf5 $142 $1 {[%mdl 512]} 24. exf5 Raxa3) 24. Kb1 Bh6 $2 (24... Ne7 $1 $19 {[%cal Re7d5] Strongly threatening ...Nxd5.} 25. Nxf6 Nc6 26. Bxc6 Bxc6) 25. a4 $1 $11 Ne7 (25... Qa7 $11 {keeps the balance.}) 26. Nxf6 $2 {[%mdl 8192]} (26. b4 $16 Qa7 27. Nxf6 {[%mdl 64] Discovered Attack}) 26... Be3 ({Black should try} 26... Nc6 $1 $19 {...Nd4 is the strong threat.} 27. Qe2 Nd4 28. Rxd4 Qxd4) 27. Nd7 $1 {[%cal Rd7c5]} Qb4 {aiming for ...Nxf5!} 28. Nxe5 $1 {Threatens to win with Rxd6+!} Kc7 (28... Bc5 $11 {and Black has nothing to worry.}) 29. Ng4 $4 {[%mdl 8192] [#]} ({Stronger than} 29. Nxf7 Nxf5 $1 {[%mdl 512]} 30. exf5 Rxg2 $17) (29. Nd3 $1 $18 {[%cal Rd3b4] was the only winning move.} Qa5 30. c5) 29... Bc5 (29... Nc6 $1 $19 {[%cal Rc6d4] Hoping for ...Nd4.} 30. Nxe3 Rxe3) 30. Nf6 $17 Bc6 (30... Re3 {is interesting.} 31. Rd3 Rxe4 32. Rhd1 Re5 33. Nd7 Re1) 31. Bxc6 Kxc6 32. e5 $1 {Black must now prevent Qe4+.} Qxa4 33. Qxa4+ Rxa4 34. exd6 Bxd6 35. Ne4 Nxf5 36. Rhf1 {[#]} (36. Nxg3 $11 {remains equal.} Nxg3 37. Rhe1) 36... Rxc4 (36... Re3 $1 $17 37. Ng5 Ng7) 37. Nxd6 {The position is equal.} Nxd6 38. Rf6 Rxg2 39. Rfxd6+ {What a fight!  Weighted Error Value: White=0.68/Black=0.70} 1/2-1/2

[Event "Romanian Open 2021"]
[Site "Alba Iulia"]
[Date "2021.11.23"]
[Round "4.2"]
[White "Nevednichy, Vladislav"]
[Black "Stoleriu, George"]
[Result "0-1"]
[WhiteElo "2504"]
[BlackElo "2412"]
[Annotator "TA"]
[PlyCount "278"]
[EventDate "2021.11.21"]
[EventType "swiss"]
[EventCountry "ROU"]
[SourceTitle "playchess.com"]
[Source "ChessBase"]
[SourceQuality "1"]

{[%evp 18,278,1,6,0,11,13,13,12,4,54,7,11,0,0,0,0,0,0,0,0,-11,-11,-7,-10,-7,0,-9,0,0,0,-8,0,-29,0,0,0,-2,0,0,0,-14,0,-19,59,0,0,0,0,0,72,71,118,112,164,-38,-43,-36,-37,-42,-18,-125,-58,-106,-57,-65,-27,-43,-54,-42,-52,-110,-36,-64,-31,-31,-32,-29,-30,-34,-4,-2,0,-141,-136,-116,-18,-20,-22,-41,-22,-67,-74,-104,-8,-8,-8,-8,14,22,20,20,14,14,14,0,0,0,0,0,0,0,0,0,0,0,0,0,0,0,0,0,0,0,0,0,0,0,0,0,0,0,0,0,0,0,0,0,0,0,0,0,0,0,0,0,0,0,0,0,0,0,0,0,0,-8,-8,-8,-8,-8,-8,-8,-8,-8,-8,-8,-8,-8,0,0,0,-8,-8,-8,0,-8,0,0,0,0,0,0,0,-8,0,-8,-8,-8,0,0,0,0,0,0,0,0,0,0,0,0,0,-8,0,-8,0,-8,0,-8,0,-8,-8,-8,-8,-8,-8,-8,-8,-8,0,0,0,0,0,0,0,0,0,0,0,0,0,-8,-8,0,0,-8,0,-8,0,-8,-8,-8,-8,-61,-61,-61,-61,-61,-8,-8,-8,-56,-62,-29982,-29983,-29983,-29983,-29983,-29984,-29984,-29985,-29985,-29986]} 1. e4 e6 2. d4 d5 3. Nc3 Nf6 4. e5 Nfd7 5. f4 c5 6. Nf3 Nc6 7. Be3 a6 8. Qd2 b5 9. Be2 Qb6 10. Nd1 cxd4 {C11: French: Classical System: 4 e5 and 4 Bg5 dxe4.} 11. Nxd4 Nxd4 $1 {The main line 11...Nxd4 scores better than 11...Bc5.} 12. Bxd4 Bc5 {The position is equal.} 13. c3 a5 14. O-O (14. f5 $5) 14... b4 15. Kh1 Bxd4 16. cxd4 {[#]} Ba6 $146 ({Predecessor:} 16... f5 17. g4 fxg4 18. Bxg4 O-O 19. Ne3 g6 20. f5 gxf5 21. Bxf5 Ba6 22. Rg1+ Kh8 23. Bxh7 Nxe5 24. dxe5 {1-0 (29) Al Tamimi,H (2210)-Rajlich,I (2459) Caleta 2005}) 17. Bxa6 Qxa6 {[%cal Ra6f1]} 18. Ne3 O-O 19. Rf3 f6 20. Raf1 Rf7 21. Qd1 Rc8 22. h3 Qc6 23. Kh2 Rcf8 24. R1f2 Qb6 25. Qd2 Qa6 26. Rf1 Qb5 27. Qd1 Qc6 28. Ng4 fxe5 29. dxe5 Qc4 30. b3 Qe4 (30... Qc6 $11) 31. Re3 (31. Nf2 $14 Qf5 32. g4) 31... Qf5 $11 {Threatens to win with ...h5.} 32. Rg3 Kh8 $1 33. Rgf3 Qe4 (33... h6 $11) 34. Nf2 Qg6 35. Qc1 Qf5 {[#]} (35... Re7 $16) 36. h4 $2 (36. Nd3 $1 $18) 36... Qh5 $15 37. Nd3 Qxh4+ 38. Rh3 Qd8 39. Qd1 {[#]} (39. Qc6 $11 {remains equal.}) 39... Kg8 (39... g5 $1 $17 40. Qg4 Rf5) 40. Qg4 Qe7 (40... Re8 {keeps more tension.} 41. Rc1 Qb6 42. Qe2 Nf8 43. Qe3 Qa6) 41. Rc1 $1 Re8 (41... Ra8 {feels hotter.} 42. Qh4 Qxh4 43. Rxh4 Nf8 44. Kg3 Raa7) 42. Qh4 Qxh4 43. Rxh4 Nf8 44. Rc5 ({White should try} 44. Rh3 $15) 44... Ra8 ({Black should play} 44... Ng6 $17 45. Rg4 Ra7) 45. Rh3 Ng6 46. Rf3 Nh4 47. Rf2 Nf5 48. g4 Nd4 (48... Ne3 $5 {[%cal Re3g4]} 49. Kh3 Rff8 $15) 49. f5 a4 50. f6 (50. Rf4 $11 {keeps the balance.} axb3 51. axb3 Nxb3 52. Rb5) 50... axb3 $17 51. axb3 h6 (51... Rb7 $17 52. Nc1 gxf6 53. Rxf6 Ra3) 52. Nxb4 $11 Nxb3 53. Rc3 Nd4 54. Rd3 Nb5 55. Nc6 gxf6 ({Better is} 55... Rc7 $17 56. Rb3 Rxc6 57. Rxb5 gxf6 58. Rxf6 Rc2+ 59. Kg3 Ra3+ 60. Rf3 Rxf3+ 61. Kxf3 Rc3+ 62. Kf2 Rc4) 56. exf6 Nd6 57. Ne7+ Kh7 {Hoping for ...Ne4.} 58. g5 $1 {[%cal Rg5g6]} Rxe7 $1 59. fxe7 {[%mdl 4096] Endgame Strongly threatening Rf6. KRR-KRN} Re8 $1 60. Rf6 Rxe7 61. Rxh6+ (61. Rh3 $5 {[%cal Rf6h6]} Nf5 62. gxh6 $14) 61... Kg7 62. Rdh3 {aiming for Rh7+.} Nf7 63. Rh7+ Kg6 64. Kg2 Ra7 65. R3h6+ Nxh6 66. Rxa7 Kxg5 {KR-KN} 67. Kf3 Nf5 68. Ra5 Kf6 69. Ra6 Ke5 70. Kf2 Nd6 71. Ke3 Nc4+ 72. Kd3 Nb2+ 73. Kc3 Nd1+ 74. Kd2 Nf2 75. Ke3 Ne4 76. Ra5 Nf6 77. Kd3 Kf5 78. Ra1 e5 79. Rf1+ Ke6 80. Ra1 Nh5 81. Ra8 Ng7 82. Ra6+ Kf5 83. Ra1 Ne6 84. Rf1+ Nf4+ 85. Kc3 Ke6 86. Rf2 Kd6 87. Rf1 Kc5 88. Kd2 Kd4 89. Rf3 Ke4 90. Ra3 d4 91. Ra8 Kf3 92. Rd8 Ke4 93. Rh8 Ne6 94. Rh4+ Kd5 95. Rh5 Nc5 96. Kc2 Nd7 97. Kd3 Nf6 98. Rg5 Ne4 99. Rh5 Nc5+ 100. Kd2 Ne6 101. Kc2 Nf4 102. Rg5 Ke4 103. Kd2 Nd5 104. Rh5 Nf6 105. Rh6 Nd7 106. Rh7 Nc5 107. Rh4+ Kf5 108. Rh5+ Kf4 109. Kc2 Ke4 (109... Ne6 {is more complex.} 110. Kd3 e4+ 111. Kd2 Kf3 112. Rh1 e3+) 110. Rh4+ Kd5 111. Rh5 Ne6 112. Kd2 Nf4 113. Rg5 Ke4 114. Kc2 Nd5 115. Rh5 Ne3+ 116. Kd2 Nc4+ 117. Kc2 Kd5 118. Kd3 Nb2+ 119. Kc2 Na4 120. Kd3 Nb6 121. Kc2 Nd7 122. Kd3 Nf8 123. Kd2 Ng6 124. Rh6 Nf4 125. Rf6 Ke4 126. Rf8 Kf3 127. Rd8 Ke4 128. Rf8 Ne6 129. Rh8 Ng5 130. Rf8 (130. Rd8 $11) 130... Nf3+ $15 131. Ke2 d3+ 132. Kf2 Nd2 (132... Nd4 $15 133. Ke1 Ke3) 133. Rd8 $11 Nb3 134. Rb8 (134. Rh8 {is interesting.} Nd4 135. Rh4+ Kd5 136. Rh3 Kc4 137. Ke3) 134... Nd4 {...d2 is the strong threat.} 135. Rb4 $2 {[%mdl 8192] Now White is beyond hope.} (135. Ke1 $15) 135... d2 {Black mates.} 136. Rb1 Kd3 137. Ra1 Nb3 138. Rb1 Kc2 139. Rh1 d1=Q {Weighted Error Value: White=0.28/Black=0.22} 0-1

[Event "Romanian Open 2021"]
[Site "Alba Iulia"]
[Date "2021.11.23"]
[Round "4.3"]
[White "Gheorghiu, Calin"]
[Black "Ghimpu, Samuel-Timotei"]
[Result "0-1"]
[WhiteElo "2294"]
[BlackElo "2414"]
[Annotator "TA"]
[PlyCount "58"]
[EventDate "2021.11.21"]
[EventType "swiss"]
[EventCountry "ROU"]
[SourceTitle "playchess.com"]
[Source "ChessBase"]
[SourceQuality "1"]

{[%evp 9,58,25,10,31,23,18,37,0,2,-22,-17,-30,29,-12,55,53,36,29,44,18,25,23,7,7,4,-5,0,-32,13,0,0,0,0,-30,-33,-43,-20,-45,-31,-62,-58,-69,-70,-710,-724,-1606,-1556,-1501,-549,-1459,-1406]} 1. e4 c6 2. d4 d5 3. f3 dxe4 4. fxe4 e5 5. Nf3 Bg4 6. c3 {B12: Caro-Kann: Advance Variation.} Nd7 7. Bd3 {7.Bd3 is better than 7.Bc4.} Bd6 8. Be3 {White is slightly better.} Ngf6 9. Nbd2 {[%cal Bb1d2,Bd2c4,Bc4e3,Be3f5][%mdl 32]} O-O 10. O-O Qc7 ({Better is} 10... exd4 11. cxd4 c5) 11. Qc2 (11. h3 $5 {[%cal Rh3g4]} Bh5 12. Qb3 $14) 11... Rfe8 (11... Bxf3 $11 12. Rxf3 (12. Nxf3 c5 $11) 12... Ng4) 12. Nc4 $1 $14 {[#]} Bxf3 $146 ({Predecessor:} 12... exd4 13. cxd4 Bf8 14. e5 b5 15. exf6 gxf6 16. Bxh7+ Kh8 17. Nce5 Nxe5 18. dxe5 Rxe5 19. Nxe5 Qxe5 {1-0 (29) Hill,A (2042)-Clayton,T (1830) London 2012}) 13. Rxf3 (13. Nxd6 {with more complications.} Qxd6 14. gxf3 Nh5 15. Kh1 Qf6 16. Qd2) 13... Ng4 14. h3 Nxe3 15. Nxe3 f6 16. Nf5 Kh8 17. Raf1 Rad8 18. Qb3 Nb6 19. h4 exd4 20. cxd4 c5 {Strongly threatening ...c4.} 21. dxc5 (21. e5 $5 c4 22. exd6 $11) 21... Bxc5+ 22. Kh1 Re5 23. h5 Bf8 24. a4 Nd7 25. Qf7 {Black must now prevent Bc4.} Rc5 {Hoping for ...Ne5.} 26. Rg3 $2 {[%mdl 8192] [#] This costs White the game.} (26. Be2 $15 Ne5 {[%mdl 64] Double Attack, Discovered Attack} 27. Qxc7 Rxc7 28. Rc3 Rxc3 29. bxc3) 26... Rxf5 $1 $19 {[%mdl 512] Black is clearly winning.} 27. Bc4 (27. Rg4 Rxf1+) 27... Rxf1+ 28. Kh2 {[#]} Qxg3+ $1 29. Kxg3 {[%csl Gc4][%cal Rf7g8]} Bd6+ {Weighted Error Value: White=0.65/Black=0.13} 0-1

[Event "Romanian Open 2021"]
[Site "Alba Iulia"]
[Date "2021.11.23"]
[Round "4.4"]
[White "Vajda, Albert"]
[Black "Nastore, Pavel-Alexandru"]
[Result "1-0"]
[WhiteElo "2353"]
[BlackElo "2249"]
[Annotator "ChessBase"]
[PlyCount "81"]
[EventDate "2021.11.21"]
[EventType "swiss"]
[EventCountry "ROU"]
[SourceTitle "playchess.com"]
[Source "ChessBase"]
[SourceQuality "1"]
[TimeControl "5400+30"]

1. e4 {[%emt 0:00:04]} c5 {[%emt 0:00:19]} 2. Nf3 {[%emt 0:00:11]} d6 {[%emt 0:00:15]} 3. Bb5+ {[%emt 0:00:34]} Bd7 {[%emt 0:00:22]} 4. Bxd7+ {[%emt 0:00:19]} Nxd7 {[%emt 0:00:19]} 5. O-O {[%emt 0:00:30]} Ngf6 {[%emt 0:00:15]} 6. Re1 {[%emt 0:00:15]} e6 {[%emt 0:01:51]} 7. c3 {[%emt 0:02:33]} Be7 {[%emt 0:00:46]} 8. d4 {[%emt 0:00:11]} O-O {[%emt 0:02:14]} 9. e5 {[%emt 0:00:44]} Nd5 {[%emt 0:07:12]} 10. exd6 {[%emt 0:18:08]} Bxd6 {[%emt 0:01:16]} 11. Nbd2 {[%emt 0:01:58]} cxd4 {[%emt 0:06:03]} 12. Nxd4 {[%emt 0:00:50]} N7f6 {[%emt 0:00:48]} 13. Qf3 {[%emt 0:05:32]} Rc8 {[%emt 0:15:20]} 14. g3 {[%emt 0:05:06]} Qb6 {[%emt 0:04:40]} 15. Ne4 {[%emt 0:07:50]} Nxe4 {[%emt 0:03:19]} 16. Rxe4 {[%emt 0:02:45]} Be7 {[%emt 0:19:33]} 17. Qe2 {[%emt 0:05:05]} Rfd8 {[%emt 0:02:18]} 18. Nf3 {[%emt 0:16:14]} Qc5 {[%emt 0:16:00]} 19. h4 {[%emt 0:03:58]} Bf6 {[%emt 0:03:52]} 20. Bd2 {[%emt 0:07:01]} b5 {[%emt 0:03:18]} 21. Re1 {[%emt 0:01:51]} a5 {[%emt 0:04:40]} 22. h5 {[%emt 0:06:55]} b4 {[%emt 0:01:29]} 23. c4 {[%emt 0:00:13]} Nb6 {[%emt 0:00:27]} 24. h6 {[%emt 0:01:46]} Qh5 {[%emt 0:01:13]} 25. b3 {[%emt 0:01:40]} Bc3 {[%emt 0:02:06]} 26. Bxc3 {[%emt 0:01:31]} bxc3 {[%emt 0:00:02]} 27. hxg7 {[%emt 0:00:49]} c2 {[%emt 0:02:31]} 28. Kg2 {[%emt 0:00:17]} Nd5 {[%emt 0:01:30]} 29. Qxc2 {[%emt 0:01:09]} Qg6 {[%emt 0:00:23]} 30. Qb2 {[%emt 0:02:00]} Nf6 {[%emt 0:00:18]} 31. Rh4 {[%emt 0:01:43]} Rc5 {[%emt 0:00:39]} 32. Re5 {[%emt 0:01:24]} Rxe5 {[%emt 0:00:15]} 33. Qxe5 {[%emt 0:00:28]} Rd1 {[%emt 0:00:27]} 34. Rd4 {[%emt 0:01:26]} Rc1 {[%emt 0:00:18]} 35. Nh4 {[%emt 0:01:05]} Qh6 {[%emt 0:00:24]} 36. Rf4 {[%emt 0:00:34]} Kxg7 {[%emt 0:00:59]} 37. Qxa5 {[%emt 0:01:11]} Rc2 {[%emt 0:00:34]} 38. a4 {[%emt 0:00:32]} Nh5 {[%emt 0:00:43]} 39. Rg4+ {[%emt 0:00:22]} Kf6 {[%emt 0:00:04]} 40. Qd8+ {[%emt 0:00:19]} Ke5 {[%emt 0:00:02]} 41. Qd4# {[%emt 0:00:15]} 1-0

[Event "Romanian Open 2021"]
[Site "Alba Iulia"]
[Date "2021.11.23"]
[Round "4.5"]
[White "Padurariu, Mihai-Edward"]
[Black "Pasztor, Balazs"]
[Result "0-1"]
[WhiteElo "2251"]
[BlackElo "2356"]
[Annotator "TA"]
[PlyCount "108"]
[EventDate "2021.11.21"]
[EventType "swiss"]
[EventCountry "ROU"]
[SourceTitle "playchess.com"]
[Source "ChessBase"]
[SourceQuality "1"]

{[%evp 9,108,-79,0,-2,0,-2,0,0,0,0,0,0,0,0,0,0,0,-3,-8,-12,0,0,0,0,-8,-23,-22,-20,-23,-63,-55,-45,-49,-177,-160,-127,-100,-388,-407,-391,-371,-366,-348,-506,-278,-274,-270,-266,-235,-351,-350,-389,-374,-376,-322,-328,-280,-438,-422,-618,-616,-601,-591,-643,-606,-887,-881,-1576,-1234,-7312,-7276,-6453,-6227,-5361,-1451,-5115,-2181,-1911,-1669,-1342,-765,-1027,-891,-864,-815,-777,-760,-1039,-1015,-29976,-29977,-29980,-1072,-6219,-1070,-1022,-850,-775,-716,-678,-658]} 1. e4 e5 2. Bc4 Nf6 3. Nc3 Bc5 4. d3 O-O 5. f4 exf4 (5... d5 $17 6. exd5 Nbd7) 6. Bxf4 $11 {C27: Vienna Game: 2...Nf6 3 Bc4 Nxe4.} c6 7. d4 Bb4 8. e5 {The position is equal.} d5 9. Bd3 Ne4 10. Bxe4 Bxc3+ 11. bxc3 dxe4 12. Ne2 Be6 13. O-O {[#]} Bc4 $146 ({Predecessor:} 13... c5 14. Ng3 Nc6 15. Be3 f5 16. exf6 Rxf6 17. Rxf6 Qxf6 18. Nxe4 Qg6 19. Ng3 Rd8 {½-½ (36) Abdrlauf,E (2381)-Hauge,L (2472) Kragero 2020}) 14. Rf2 Nd7 15. Ng3 f5 16. exf6 Nxf6 17. Bg5 h6 18. Bxf6 Rxf6 19. Nxe4 Rxf2 20. Nxf2 Qg5 21. Ng4 (21. Nd3 $15) 21... Rf8 $19 {[%mdl 1024] ...Rf1+ is the strong threat. Black has strong compensation.} 22. Nf2 Bd5 $36 {[%csl Gd5][%cal Rg5g2][%mdl 2048] White is under strong pressure.} 23. g3 {[%mdl 8192]} (23. Qg4 $17 {was called for.}) 23... Qe3 $1 {[%csl Gf8,LRc3,LRf2][%cal Re3f2][%mdl 64] [#] Double Attack} 24. Qe1 Qf3 {[%csl Gd5][%cal Rf3g2]} 25. Qf1 Qxc3 {aiming for ...Rxf2!} 26. Rb1 (26. Rc1 {was worth a try.} Qd2 27. Re1) 26... b5 27. Qd3 Qa5 28. Ne4 Qd8 ({Don't play} 28... Qxa2 29. Nc3 $17) 29. Re1 (29. a4 $142 bxa4 30. Nd2) 29... Bxa2 30. Nc5 Re8 31. Rxe8+ Qxe8 32. Kf2 Bd5 33. Qa3 (33. Qe2 $142 Qf7+ 34. Ke1) 33... Qh5 34. h4 (34. Ke1 $142 Qxh2 35. Kd1) 34... Qf5+ {[%mdl 64] [#] Double Attack} 35. Ke1 Qxc2 36. Qe3 a5 37. Qe8+ Kh7 38. h5 Qc3+ {[%mdl 64] Double Attack} 39. Kf1 Qf3+ 40. Ke1 Qxg3+ 41. Kd2 Qf4+ 42. Kc2 Qf5+ 43. Kd2 Qf2+ 44. Kc1 Qf7 45. Qe5 Qf6 46. Qe8 Bf7 47. Qe4+ Kh8 48. Nd7 Qg5+ 49. Kb2 Qd2+ 50. Kb1 Qd1+ (50... Ba2+ $142 51. Ka1 Bg8 52. Qb1 Qxd4+ {[%mdl 64] Double Attack} 53. Qb2 Qd1+ 54. Qb1 Qd4+ 55. Qb2 Qd1+ 56. Qb1 Qd4+) 51. Kb2 {Black is clearly winning.} Qb3+ 52. Kc1 Qc3+ 53. Kb1 Bxh5 54. Ne5 Qb3+ {Weighted Error Value: White=0.89/Black=0.51} 0-1

[Event "Romanian Open 2021"]
[Site "Alba Iulia"]
[Date "2021.11.23"]
[Round "4.6"]
[White "Negrean, Andrei"]
[Black "Manolache, Marius"]
[Result "1/2-1/2"]
[WhiteElo "1847"]
[BlackElo "2506"]
[Annotator "TA"]
[PlyCount "206"]
[EventDate "2021.11.21"]
[EventType "swiss"]
[EventCountry "ROU"]
[SourceTitle "playchess.com"]
[Source "ChessBase"]
[SourceQuality "1"]

{[%evp 11,206,70,111,21,50,29,83,58,68,77,74,84,102,95,77,75,85,56,64,61,61,68,82,-6,-13,-12,-8,-13,10,-7,37,32,41,39,39,-18,-20,-12,-20,-20,-25,-29,-18,-21,-11,-20,0,2,2,-21,0,0,64,62,66,53,60,60,67,55,61,52,125,135,126,39,42,42,41,44,91,87,102,87,88,89,102,0,107,0,242,0,0,0,0,0,4,0,0,0,0,0,0,0,0,0,0,0,0,0,0,0,0,0,152,110,161,7,7,7,7,0,7,0,17,0,0,0,80,0,0,0,0,0,0,0,230,222,222,222,216,164,249,0,0,0,0,0,172,0,0,0,7,8,8,17,8,0,0,0,0,0,0,0,0,0,0,0,0,0,0,0,0,0,0,0,0,0,0,0,0,0,0,0,0,0,0,0,0,0,0,0,0,0,0,0,0,0,0,0,0,0,0,0,0,0,0]} 1. e4 g6 2. d4 c6 3. Nc3 Bg7 4. f4 d6 5. Nf3 Bg4 6. Be3 Qb6 7. Rb1 {B06: Modern Defence.} (7. Qd2 $1 $16) 7... Nd7 8. Be2 Ngf6 (8... e5 $11) 9. Qd2 {White is better.} O-O {[#]} 10. h3 $146 ({Predecessor:} 10. O-O Rfe8 11. h3 Bxf3 12. Bxf3 Qa5 13. e5 Nd5 14. Nxd5 Qxd2 15. Bxd2 cxd5 16. Bxd5 {1-0 (44) Muse,D (2186)-Volkmer,A (2053) Playchess.com INT 2020}) 10... Bxf3 11. Bxf3 Qd8 12. O-O e5 13. Rbd1 Qe7 14. dxe5 dxe5 15. f5 $1 Nb6 16. Qf2 Rfd8 17. Bxb6 (17. Bc5 $16 Qe8 18. Rxd8 Qxd8 19. Rd1) 17... axb6 $11 18. Qxb6 Rd4 19. a3 Bh6 20. Kh1 Bd2 21. Ne2 Rd6 22. fxg6 hxg6 23. c3 (23. Nc1 $14) 23... Rad8 24. Qb3 Nh7 25. Ng1 Ng5 26. Qc2 Be3 27. Rxd6 Rxd6 28. Rd1 Bb6 29. Rxd6 Qxd6 30. Qe2 Qf6 31. h4 $1 {[%cal Rh4g5]} Ne6 (31... Nxf3 $11 32. Nxf3 Qf4) 32. g3 $14 Nc5 33. Kg2 Qd6 34. Nh3 Kg7 35. h5 Qd3 36. Nf2 Qb1 (36... Qxe2 $14 37. Bxe2 gxh5) 37. hxg6 $1 $16 fxg6 38. b4 (38. Qd2 $16 Qa2 39. Ng4) 38... Ne6 $14 39. Qd2 Bxf2 40. Kxf2 Kf6 41. a4 {[%cal Ba3a4,Ba4a5][%mdl 32]} Qb3 42. a5 Qc4 43. Kg2 Ke7 44. Kf2 Kf6 45. Kg2 ({White should play} 45. Ke3 $16) 45... c5 $2 (45... Ke7 $1 $11 {and Black is okay.}) 46. Kf2 $2 ({White must play} 46. Be2 $1 $18 {[%cal Re2c4]} Qb3 47. b5) 46... cxb4 $11 47. cxb4 {White wants to play Be2.} Nd4 48. Kg2 Kg7 49. Bg4 Qc6 50. Qg5 Qxe4+ 51. Kh2 Kf7 52. Qh4 Nf3+ 53. Bxf3 Qxf3 {[%mdl 4096] Endgame KQ-KQ} 54. Qh7+ (54. Qc4+ {is interesting.} Kf6 55. Qh4+ Kf5 56. Qh3+ Kg5 57. Qh4+) 54... Kf6 55. Qh8+ Ke6 $1 56. Qg8+ Kd7 57. Qg7+ (57. Qc4 {with more complications.} Ke7 58. b5 Qf2+ 59. Kh3 Qf3 60. Qc7+) 57... Kc8 $2 (57... Ke6 $11) 58. Qxe5 ({And not} 58. Qxg6 Qf2+ 59. Kh3 Qf1+ 60. Kg4 Qd1+ 61. Kg5 Qc1+ 62. Kh4 Qh1+ 63. Kg5 Qc1+ 64. Kh5 Qh1+ 65. Kg5 Qc1+ $11) 58... Qd3 {[#]} (58... Qb3 $16) 59. Qc5+ $2 (59. Kh3 $1 $18) 59... Kb8 $1 60. Qf8+ Ka7 61. Qc5+ Ka8 62. Kh3 Qe4 63. Qc8+ Ka7 64. Qc5+ (64. Qc3 $11) 64... Ka8 $16 65. g4 (65. Qd6 $16) 65... g5 $11 66. Qc8+ (66. Qxg5 {is more complex.} Qd3+ 67. Kh4 Qh7+ 68. Kg3 Qd3+ 69. Kf4) 66... Ka7 67. Qc5+ Ka8 $1 68. Qxg5 (68. Qf8+ {keeps more tension.} Ka7 69. Qf2+ Kb8 70. b5 Qh7+ 71. Kg2) 68... Qf3+ $2 (68... Qd3+ $1 $11 {and Black has nothing to worry.} 69. Kh4 Qh7+ 70. Kg3 Qd3+ 71. Kf4 Qd2+ 72. Kf5 Qd3+ 73. Kf6 Qd8+ 74. Kg6 Qg8+ 75. Kh5 Qh8+ 76. Qh6 Qe8+ 77. Qg6 Qh8+ 78. Kg5 Qe5+ 79. Qf5 Qg7+ 80. Kh5 Qh8+ 81. Kg5 Qg7+ 82. Qg6 Qe7+ 83. Qf6 Qd7 84. Qh8+ Ka7) 69. Kh4 $18 Qh1+ 70. Kg3 Qe1+ {[#]} 71. Kf3 $1 Qc3+ (71... Qf1+ $142 72. Ke4 Qc4+ 73. Kf5 Qd5+ 74. Kg6 Qg8+ 75. Kh5 Qh8+ 76. Qh6 Qe8+ 77. Qg6 Qh8+ 78. Kg5 Qd8+ 79. Qf6 Qg8+ 80. Kh5 Qh7+ 81. Qh6 Qf7+ 82. Qg6 Qd7) 72. Ke2 $2 (72. Qe3 $18 Qxb4 73. Qe8+ Ka7 74. Qe5) 72... Qc4+ $11 73. Kf2 Qd4+ 74. Kf3 $2 (74. Ke1 $11 Qxb4+ 75. Ke2 Qe4+ 76. Kd2) 74... Qc3+ $1 $18 75. Kg2 $2 ({Better is} 75. Qe3 $18 Qxb4 76. Qe8+ Ka7 77. Qe5) 75... Qb2+ {The position is equal.} 76. Kg3 Qc3+ 77. Kh4 Qh8+ $1 78. Qh5 Qf6+ $1 79. g5 (79. Kg3 {seems wilder.} Qc3+ 80. Kf4 Qxb4+ 81. Kf3 Qb3+ 82. Kf2) 79... Qf2+ $1 80. Kh3 Qe3+ (80... Qf1+ {is interesting.} 81. Kg3 Qe1+ 82. Kh2 Qf2+ 83. Kh3) 81. Kg2 {Strongly threatening Qh8+.} Qd2+ 82. Kf1 Qf4+ 83. Ke2 Qe4+ 84. Kf2 Qd4+ 85. Kf1 (85. Ke1 $5 {[%cal Rh5e8]} Qxb4+ 86. Ke2 Qe4+ 87. Kf1 $11) 85... Qf4+ 86. Kg2 Qd2+ 87. Kg3 Qe3+ 88. Kh2 {aiming for Qh8+.} Qf2+ 89. Kh3 Qe3+ 90. Kg2 Qd2+ 91. Kf1 Qf4+ 92. Ke2 Qe4+ 93. Kf2 Qd4+ 94. Kg3 {And now Qe8+ would win.} Qe3+ 95. Kh4 Qf2+ 96. Kh3 {Hoping for Qe8+.} Qe3+ 97. Kg2 Qd2+ 98. Kf1 Qf4+ 99. Ke2 Qe4+ 100. Kd2 Qd4+ 101. Ke2 {Black must now prevent Qe8+.} Qe4+ 102. Kd1 {g6 is the strong threat.} Qd4+ 103. Ke2 {Threatens to win with Qe8+.} Qe4+ {Weighted Error Value: White=0.27/Black=0.19} 1/2-1/2